Farm chemicals (Record no. 17332)

MARC details
000 -LEADER
fixed length control field 00411nam a2200145Ia 4500
022 ## - INTERNATIONAL STANDARD SERIAL NUMBER
ISSN 0092-0053
245 #0 - TITLE STATEMENT
Title Farm chemicals
260 ## - PUBLICATION, DISTRIBUTION, ETC. (IMPRINT)
Name of publisher Meister Publishing
Place of publication Willoughby
310 ## - CURRENT PUBLICATION FREQUENCY
Current publication frequency M
500 ## - GENERAL NOTE
General note Ending Volume & Year: 150, 1987
500 ## - GENERAL NOTE
General note Missing Volume: 148(4,7);149(5,11);150(1,3,6,9)
500 ## - GENERAL NOTE
General note Starting Volume & Year: 148, 1985
942 ## - ADDED ENTRY ELEMENTS (KOHA)
Koha item type Bound Journal
Holdings
Withdrawn status Lost status Damaged status Not for loan Home library Current library Date acquired Accession Number Koha item type
      Bound journals RRII Library RRII Library 31/12/2021 17089J Bound Journal